000 00491nam a22001697a 4500
003 0
005 20231108131017.0
008 140114b xxu||||| |||| 00| 0 eng d
050 _aTR IB LB 1078
_b.H453tb 2012
100 _aHedges, Laurence
245 _aApproaches to learning a practice guide :
_bteachers book /
_cLaurance Hedges.
260 _aUnited Kingdom :
_bIBO,
_c2012.
300 _a181 p. :
_bill. col. ;
_c28 cm.
700 _aKing, Lance
942 _2lcc
_cBK
999 _c26058
_d26058